000 00600nam a22002297a 4500
003 UA-OsUOA
001 98079
007 ta
008 20130409b un ||||| |||| 00| 0 ukr d
100 _aПалинчук Б.
090 _a821.161.1
_bП14
942 _cBK
040 _aUA-OsUOA
_brus
_cUA-OsUOA
_dUA-OsUOA
245 _aРазбег
_bроман
300 _a180 с.
955 _a3
041 _arus
080 _a821.161.1
260 _aК.
_bХудожня література
_c1964
650 7 _a82 Література. Літературознавство
_2UDC
999 _c385102
_d385102